000 01161nam a2200313 i 4500
001 13792
003 KOSZ 005
005 20200508123102.0
008 071108s1971 pl a f 000 0 pol
015 _aPB 1971/8401
035 _a(OCoLC)749404974
040 _aWA N
_cWA N
_dKOSZ 005/KK
080 _a621:389.6
100 1 _aGosztowtt, Leon
_d(?-1985).
_eAutor.
245 1 0 _aNormalizacja uszczelnień i materiałów uszczelniających /
_cLeon Gosztowtt, Artur Karaszkiewicz.
260 _aWarszawa :
_bWydawnictwa Normalizacyjne,
_c1971.
300 _a506, [2] stron, [2] strony, tablice :
_bilustracje, errata ;
_c23 cm.
336 _2rdacontent
_aTekst
_btxt
337 _2rdamedia
_aBez urządzenia pośredniczącego
_bn
338 _2rdacarrier
_aWolumin
_bnc
380 _aKsiążki.
504 _aBibliografia na stronach 505-506.
658 _aInżynieria i technika
650 4 _aUszczelnienia
700 1 _aKaraszkiewicz, Artur.
710 _aWydawnictwa Normalizacyjne
_4pbl.
856 _uhttp://koha.tu.koszalin.pl/cgi-bin/koha/opac-detail.pl?biblionumber=13792
_yKatalog online BPK
942 _2UKD
_cKS
999 _c13792
_d13792